000
00294nam a22001337a 4500
008
181022b xxu||||| |||| 00| 0 eng d
020
_a
9780070711242
041
_a
eng
080
_a
004
100
_a
30
101
_a
SHK
245
_a
Introductory Suveying
_c
Wirshing.J.R
942
_2
udc
_c
BK
999
_c
50344
_d
50344